| 000 | 00000nam##2200000za#4500 |
| 001 | 9.679738 |
| 003 | CaOODSP |
| 005 | 20200328193213 |
| 007 | ta |
| 008 | 150407|1995||||xxc||||| f|0| 0 fre|d |
| 020 | |a0-662-80980-7 |
| 040 | |aCaOODSP|bfre |
| 043 | |an-cn--- |
| 086 | 1 |aH46-2/95-197F |
| 110 | 1 |aCanada.|bSanté Canada. |bDirection de l'hygiène du milieu. |
| 245 | 10|aÉtude nationale sur les sous-produits de désinfection chlorés dans l'eau potable au Canada / |cpar David T. Williams, Guy L. Lebel et Frank M. Benoit. |
| 260 | |aOttawa - Ontario : |bSanté Canada. |c1995. |
| 300 | |a85p. : |bgraphiques, tableaux ; |c28 cm. |
| 500 | |a«L'objectif de cette étude a été la détermination des concentration de sous-produits de désinfection halogénés dans les réseaux de distribution d'eau potable au Canada, pour lesquels le chlore a été utilisé à une étape donnée du processus de traitement. Les effets des agents désinfectants appliqués (chlore, chloramine et ozone), des variations saisonnières (été et hiver) et des variations spatiales (usine de traitement et réseau de distribution) ont été étudiés.»--Page 3. |
| 520 | 3 |aL'objectif de cette étude a été la détermination des concentration de sous-produits de désinfection halogénés dans les réseaux de distribution d'eau potable au Canada, pour lesquels le chlore a été utilisé à une étape donnée du processus de traitement. Les effets des agents désinfectants appliqués (chlore, chloramine et ozone), des variations saisonnières (été et hiver) et des variations spatiales (usine de traitement et réseau de distribution) ont été étudiés.--Page 3 |
| 563 | |aCouverture souple |
| 590 | |a98-36|b1998-09-04 |
| 691 | 07|aEau potable|2gcpds |
| 720 | 1 |aWilliams, David T. |
| 720 | 1 |aLebel, Guy L. |
| 720 | 1 |aBenoit, Frank M. |
| 775 | 08|tA national survey of chlorinated disinfection by-products in Canadian drinking water / |w(CaOODSP)9.646159 |
| 776 | 0#|tÉtude nationale sur les sous-produits de désinfection chlorés dans l'eau potable au Canada / |w(CaOODSP)9.639528 |
| 986 | |a95-DHM-197 |